Career creativity: explorations in the remaking of work

Salvato in:
Dettagli Bibliografici
Altri autori: Peiperl, Maury A., Arthur, Michael B., Anand, N.
Natura: Libro
Lingua:inglese
Pubblicazione: Oxford Oxford University Press 2002
Soggetti:
Tags: Aggiungi Tag
Nessun Tag, puoi essere il primo ad aggiungerne!!

MARC

LEADER 00000nam$a2200000$$$4500
001 0107019
005 20231215114943.5
020 |a 0-19-924871-0 
020 |a 0-19-924872-9 
041 0 |a eng 
044 |a GB 
245 1 0 |a Career creativity: explorations in the remaking of work  |c edited by Maury A. Peiperl, Michael B. Arthur and N. Anand 
264 1 |a Oxford  |b Oxford University Press  |c 2002 
300 |a xx, 351 s. 
610 2 0 |a kariéra 
610 2 0 |a kreativita 
610 2 0 |a zamestnanci 
610 2 0 |a zamestnávatelia 
700 1 |a Peiperl, Maury A. 
700 1 |a Arthur, Michael B. 
700 1 |a Anand, N.